00726nam a2200217 i 4500003000900000005001700009007000300026008004100029020001500070040003000085082001400115100002300129245011600152264008000268300002500348336002700373337003300400338002800433650001900461650002800480DO-SdBNP20251127082331.0ta240409s1999 xxu 001 0dspa d a848954848X aDO-SdBNPbspacBNPHUerda 4bC392v222 aCela, Jorgeeautor14aVamos a respetarnos :bapuntes para comprensión y superación de las prácticas paternalistas /cJorge Cela aSanto Domingo :bPontificia Universidad Católica Madre y Maestra,,c1999. a30 páginasc23 cm. 2rdacontentatextobtxt 2rdamediaasin mediaciónbn 2rdacarrieravolumenbnc 4aCooperativismo 0aParticipación social